Biblioteca

Dioses, mitos y rituales de los semitas occidentales en la antigüedad / José María Blázquez (Registro nro. 43846)

Detalles MARC
000 -LÍDER
Campo fijo de descripción fija 009410000a22002410004500
020 ## - NÚMERO INTERNACIONAL NORMALIZADO PARA LIBROS
Número Internacional Normalizado del libro 84-7057-439-6
082 04 - NÚMERO DE CLASIFICACIÓN DECIMAL DEWEY
Número de clasificación G 299.2 B6618d
001 - NÚMERO DE CONTROL
Campo de control 17180
100 1# - ASIENTO PRINCIPAL--NOMBRE PERSONAL
Nombre personal Blázquez, José María
245 10 - TÍTULO
Título del Material Dioses, mitos y rituales de los semitas occidentales en la antigüedad / José María Blázquez
260 ## - PUBLICACIÓN, DISTRIBUCIÓN, ETC. (PIE DE IMPRENTA)
Lugar de publicación, distribución, etc. Madrid : Cristiandad
300 ## - DESCRIPCIÓN FÍSICA
Extensión 319 p.
336 ## - CONTENT TYPE
Content type term texto
Content type code txt
Source rdacontent
337 ## - MEDIA TYPE
Source rdamedia
Media type term sin mediación
Media type code n
338 ## - CARRIER TYPE
Source rdacarrier
Carrier type term volumen
Carrier type code nc
500 ## - NOTA GENERAL
Nota General Incluye índice de ilustraciónes e índice general
501 ## - NOTA DE “CON”
Nota de Contenido En rústico
505 00 - NOTA DE CONTENIDO
Nota de contenido con formato preestablecido Siria en el segundo milenio a.C. -- Los cananeos -- Los fenicios -- Los arameos -- Los hebreos -- Palmira -- Los árabes anteriores al Islam
650 14 - ASIENTO SECUNDARIO DE MATERIA - TERMINO TEMÁTICO
Término temático o nombre geográfico como elemento de entrada SEMITAS \ SEMITAS - INFLUENCIA - JUDIOS \ SEMITAS - MITOLOGIA \ SEMITAS - RITUALES
942 ## - TIPO DE MATERIAL (KOHA)
Tipo de Item KOHA Libros General
Existencias
Estado de Material Estado de Perdido Estado de Dañado No para Préstamo Colección Tomo Biblioteca de Origen Biblioteca Permanente Fecha de Adquisición Total de Préstamos Total de Renovaciones Signatura Topográfica Código de Barras Última vez visto Última vez Préstado Ejemplar/Existencia Fecha de Remplazo Tipo de Material
        Colección General   Biblioteca FUSBC Biblioteca FUSBC 26/03/2013 11 1 G 299.2 B6618d 17858 16/11/2024 06/11/2024 1 26/01/2016 Libros General

Biblioteca FUSBC | Teléfono: (57+4) 349 88 10 Ext. 141| WhatsApp (+57) 3005338115 
E-mail: biblioteca@unisbc.edu.co | Calle 76 87-14 Robledo Palenque, Medellín, Colombia

Con tecnología Koha